Statistics for Most expensive football transfers - Argentine players

Click here to take the quiz!

General Stats

  • This quiz has been taken 35 times
  • The average score is 8 of 10

Answer Stats

Fee (M €)SeasonLeftJoinedPlayer% Correct
121,002022-2023BenficaChelseaEnzo Fernández
100%
44,252022-2023River PlateBenficaEnzo Fernández
100%
75,002014-2015Real MadridManchester UnitedÁngel Di María
94%
53,002015-2016Manchester UnitedParis SGÁngel Di María
94%
90,002016-2017SSC NapoliJuventusGonzalo Higuaín
84%
50,002022-2023Atalanta BCTottenhamCristian Romero
75%
57,372022-2023AjaxManchester UnitedLisandro Martínez
75%
50,002020-2021InterParis SGMauro Icardi
69%
56,812000-2001AC ParmaLazioHernán Crespo
63%
44,502015-2016ValenciaManchester CityNicolás Otamendi
63%

Score Distribution

Percentile by Number Answered

Percent of People with Each Score

Your Score History

You have not taken this quiz